000 00327nam a2200145Ia 4500
100 _aMahambare/Gangadhar
650 _aElectrical Engineering
942 _cRB
654 _aLaghuadyog
245 _aElectronic Udyog Vyavasaya
260 _bIndrayani Sahitya
_aPune
_c1994
300 _a88
546 _aENGLISH
999 _c32444
_d32444